Capital formation in agriculture (Record no. 36963)

MARC details
000 -LEADER
fixed length control field 00278nam a2200109Ia 4500
082 ## - DEWEY DECIMAL CLASSIFICATION NUMBER
Classification number 338.43.01
Item number BAN
100 ## - MAIN ENTRY--AUTHOR NAME
Personal name BANSAL, M R
245 #0 - TITLE STATEMENT
Title Capital formation in agriculture
260 ## - PUBLICATION, DISTRIBUTION, ETC. (IMPRINT)
Place of publication Meerut
Name of publisher Pragathi Prakashan
942 ## - ADDED ENTRY ELEMENTS (KOHA)
Koha item type Books
Holdings
Withdrawn status Lost status Damaged status Not for loan Home library Current library Date acquired Full call number Accession Number Koha item type
        RRII Library RRII Library 16/12/2021 338.43.01 BAN 17355 Books